| 000 | 00776cam a22002411 4500 | ||
|---|---|---|---|
| 001 | l 66000150 | ||
| 003 | DLC | ||
| 005 | 20260227111549.0 | ||
| 008 | 801204s1966 dcua s f000 0 eng c | ||
| 010 | _al 66000150 | ||
| 035 | _a(OCoLC)6999985 | ||
| 040 |
_aU.S. Dept. of Labor. Library. _cNPotU _dDLC |
||
| 043 | _an-us--- | ||
| 050 | 0 | 0 |
_aHD8051 _b.A62 no. 1510 |
| 050 | 0 | 0 |
_aHB235.U6 _bA535 1966 |
| 082 | _a338.520973 | ||
| 110 | 1 |
_aUnited States. _bBureau of Labor Statistics. |
|
| 245 | 1 | 0 | _aPrice trends. |
| 260 |
_aWashington, _bFor sale by the Superintendent of Documents, U.S. Govt. Print. Off, _c1966. |
||
| 300 |
_av, 49 p. _billus. _c26 cm. |
||
| 410 | 1 | 1 |
_aUnited States. _bBureau of Labor Statistics. _tBulletin, _vno. 1510 |
| 650 | 0 |
_aPrices _zUnited States. |
|
| 999 |
_c37266 _d37266 |
||